| 000 | 00724cam a22001938i 4500 | ||
|---|---|---|---|
| 999 |
_c6303 _d6303 |
||
| 020 | _a9781408872918 | ||
| 082 | 0 | 0 | _aFic M112 2018 |
| 100 | 1 | _aMaas, Sarah J. | |
| 245 | 1 | 0 |
_aKingdom of ash _c Sarah J. Maas. _ba throne of glass novel |
| 260 |
_aLondon, UK _b Bloomsbury Publishing Plc _cc2018 |
||
| 300 | _a984 p. | ||
| 490 | 0 |
_aA throne of glass _v[7] |
|
| 520 | _aWith Aelin locked in an iron coffin by Queen of the Fae Maeve, Aedion and Lysandra struggle to defend Terrasen, Chaol, Manon, and Dorian face their own fates, and Rowan seeks his captured wife and queen. | ||
| 526 | _aFICTION | ||
| 650 | 1 | _aFantasy. | |
| 650 | 1 | _aKings, queens, rulers, etc.--Fiction. | |
| 650 | 1 | _aFairies--Fiction. | |
| 942 |
_2ddc _cBK |
||